[Event "Sao Jose dos Campos op"]
[Site "Sao Jose dos Campos"]
[Date "2022.09.11"]
[Round "6"]
[White "Ataide, Gerson Britto"]
[Black "Pironti, Francisco Ferrari"]
[Result "0-1"]
[WhiteElo "1422"]
[BlackElo "1782"]
[PlyCount "76"]
[EventDate "2022.09.08"]
[EventType "swiss"]
[EventRounds "7"]
[EventCountry "BRA"]
[SourceTitle "CBM 210 Extra"]
[Source "ChessBase"]
[SourceDate "2022.11.30"]
[SourceVersion "1"]
[SourceVersionDate "2022.11.30"]
[SourceQuality "1"]

1. e4 c5 2. Nf3 d6 3. d4 cxd4 4. Nxd4 Nf6 5. Nc3 a6 6. Bg5 e6 7. f4 Be7 8. Qf3 Qc7 9. 0-0-0 Nbd7 10. Nb3 b5 11. a3 Rb8 12. Bd3 b4 13. axb4 Rxb4 14. Kd2 h6 15. Bxf6 Bxf6 16. Ke2 Bb7 17. Rhe1 Nc5 18. Kf1 Nxb3 19. cxb3 Rxb3 20. Nd5 exd5 21. exd5+ Kd8 22. Rc1 Qb6 23. Qe4 Rxb2 24. Rc2 Rxc2 25. Bxc2 Qd4 26. Rb1 Qxe4 27. Bxe4 Kc7 28. Rc1+ Kb8 29. Bf5 Re8 30. Rb1 Re7 31. Rb6 Kc7 32. Rb1 Bd4 33. Rc1+ Bc5 34. Ra1 a5 35. Bd3 Re3 36. Be2 Ra3 37. Rd1 a4 38. g3 Ra2 0-1

[Event "Jacarei op 2nd"]
[Site "Jacarei"]
[Date "2019.07.27"]
[Round "2"]
[White "Marques Valio, Julio Gentil"]
[Black "Ataide, Gerson Britto"]
[Result "0-1"]
[WhiteElo "1816"]
[BlackElo "1431"]
[PlyCount "42"]
[EventDate "2019.07.26"]
[EventType "swiss"]
[EventRounds "6"]
[EventCountry "BRA"]
[SourceTitle "CBM 191 Extra"]
[Source "ChessBase"]
[SourceDate "2019.09.30"]
[SourceVersion "1"]
[SourceVersionDate "2019.09.30"]
[SourceQuality "1"]

1. e4 c5 2. d4 cxd4 3. c3 dxc3 4. Nxc3 Nc6 5. Bb5 e6 6. a3 Qc7 7. Nge2 a6 8. Bc4 b5 9. Bb3 Bb7 10. Be3 Nf6 11. 0-0 Na5 12. Bc2 Nc4 13. Qc1 Nxe3 14. Qxe3 Bc5 15. Qg3 Qxg3 16. Nxg3 Rc8 17. Rac1 0-0 18. h3 Bxa3 19. bxa3 Rxc3 20. e5 Nd5 21. a4 Rfc8 0-1

[Event "Vale Paraibano-ch"]
[Site "Taubate"]
[Date "2019.05.05"]
[Round "5"]
[White "Ataide, Gerson Britto"]
[Black "Ramos, Erick Alexandre"]
[Result "1/2-1/2"]
[WhiteElo "1401"]
[BlackElo "1846"]
[PlyCount "108"]
[EventDate "2019.05.04"]
[EventType "swiss"]
[EventRounds "5"]
[EventCountry "BRA"]
[SourceTitle "CBM 190 Extra"]
[Source "ChessBase"]
[SourceDate "2019.07.15"]
[SourceVersion "1"]
[SourceVersionDate "2019.07.15"]
[SourceQuality "1"]

1. d4 Nf6 2. c4 c5 3. Nf3 cxd4 4. Nxd4 g6 5. Nc3 Bg7 6. e4 d6 7. Be2 0-0 8. Be3 Nc6 9. 0-0 Nxd4 10. Bxd4 Be6 11. Rc1 Rc8 12. b3 a6 13. f4 Qd7 14. Bf3 Ne8 15. Bxg7 Nxg7 16. Qd4 Bg4 17. Bxg4 Qxg4 18. Nd5 Rce8 19. Qb6 Qd7 20. f5 gxf5 21. exf5 Nxf5 22. Qf2 Ng7 23. Rce1 f5 24. Qh4 e5 25. Nf6+ Rxf6 26. Qxf6 Re6 27. Qh4 Rg6 28. Rd1 f4 29. c5 Nf5 30. Qh3 Qc6 31. Kh1 Nd4 32. cxd6 Rxd6 33. Rc1 Nc2 34. Qg4+ Rg6 35. Qe2 Nd4 36. Rxc6 Nxe2 37. Rc8+ Kg7 38. Re1 Rd6 39. Rc7+ Kg6 40. Rxb7 Nc3 41. a4 e4 42. a5 Kf5 43. Rf7+ Kg6 44. Rxf4 e3 45. h3 e2 46. Kg1 Rd2 47. Rc4 Rc2 48. Kf2 Kf5 49. Rxc3 Rxc3 50. Rxe2 Rxb3 51. Ra2 h5 52. Ra4 Kg5 53. h4+ Kf5 54. g3 Rc3 1/2-1/2